الكمالية العصابية وعلاقتها بالاكتناز القهري لدى الطلبة ذوي صعوبات التعلم = Neurotic Perfectionism and its Relationship to Compulsive Hoarding Behavior Among Students with Learning Disabilities (Record no. 33336)
[ view plain ]
| 000 -LEADER | |
|---|---|
| fixed length control field | 01019nam a22002057a 4500 |
| 003 - CONTROL NUMBER IDENTIFIER | |
| control field | JO-AjAnu |
| 005 - DATE AND TIME OF LATEST TRANSACTION | |
| control field | 20240605134410.0 |
| 008 - FIXED-LENGTH DATA ELEMENTS--GENERAL INFORMATION | |
| fixed length control field | 240324b jo ||||| |||| 00| 0 ara d |
| 040 ## - CATALOGING SOURCE | |
| Transcribing agency | ANU |
| Language of cataloging | ara |
| Original cataloging agency | JO-AjAnu |
| 041 #0 - LANGUAGE CODE | |
| Language code of text/sound track or separate title | ara |
| Language code of librettos | ara |
| 050 ## - LIBRARY OF CONGRESS CALL NUMBER | |
| Classification number | LC4704 |
| Item number | 2024 |
| 100 ## - MAIN ENTRY--PERSONAL NAME | |
| Personal name | الزغول، إيناس يوسف |
| Relator term | مؤلف |
| 9 (RLIN) | 65117 |
| 245 ## - TITLE STATEMENT | |
| Title | الكمالية العصابية وعلاقتها بالاكتناز القهري لدى الطلبة ذوي صعوبات التعلم = Neurotic Perfectionism and its Relationship to Compulsive Hoarding Behavior Among Students with Learning Disabilities |
| Statement of responsibility, etc. | / اعداد إيناس يوسف الزغول ؛ اشراف ريم عبدالله الكناني |
| 260 ## - PUBLICATION, DISTRIBUTION, ETC. | |
| Date of publication, distribution, etc. | 2024 |
| 300 ## - PHYSICAL DESCRIPTION | |
| Extent | 96 ورقة |
| 500 ## - GENERAL NOTE | |
| General note | رسالة جامعية (ماجستير)- تخصص التربية الخاصة/كلية العلوم التربوية، 2024 |
| 650 ## - SUBJECT ADDED ENTRY--TOPICAL TERM | |
| Form subdivision | صعوبات التعلم |
| 700 ## - ADDED ENTRY--PERSONAL NAME | |
| Personal name | الكناني، ريم عبدالله |
| 9 (RLIN) | 64923 |
| Relator term | مشرف |
| 942 ## - ADDED ENTRY ELEMENTS (KOHA) | |
| Source of classification or shelving scheme | Library of Congress Classification |
| Koha item type | Thesis |
| Suppress in OPAC | No |
| Withdrawn status | Lost status | Source of classification or shelving scheme | Damaged status | Not for loan | Home library | Current library | Date acquired | Total Checkouts | Full call number | Barcode | Date last seen | Price effective from | Koha item type |
|---|---|---|---|---|---|---|---|---|---|---|---|---|---|
| Library of Congress Classification | مكتبة جامعة عجلون الوطنية | مكتبة جامعة عجلون الوطنية | 24/03/2024 | LC4704.2024 | A29807 | 24/03/2024 | 24/03/2024 | Thesis | |||||
| Library of Congress Classification | مكتبة جامعة عجلون الوطنية | مكتبة جامعة عجلون الوطنية | 24/03/2024 | LC4704.2024 | A29806 | 24/03/2024 | 24/03/2024 | Thesis |